<?xml version="1.0" encoding="UTF-8"?><?xml-stylesheet type="text/xsl" href="static/style.xsl"?><OAI-PMH xmlns="http://www.openarchives.org/OAI/2.0/" xmlns:xsi="http://www.w3.org/2001/XMLSchema-instance" xsi:schemaLocation="http://www.openarchives.org/OAI/2.0/ http://www.openarchives.org/OAI/2.0/OAI-PMH.xsd"><responseDate>2026-04-18T06:55:16Z</responseDate><request verb="GetRecord" identifier="oai:www.recercat.cat:10256/12365" metadataPrefix="marc">https://recercat.cat/oai/request</request><GetRecord><record><header><identifier>oai:recercat.cat:10256/12365</identifier><datestamp>2024-06-14T09:48:56Z</datestamp><setSpec>com_2072_452955</setSpec><setSpec>com_2072_2054</setSpec><setSpec>col_2072_453065</setSpec></header><metadata><record xmlns="http://www.loc.gov/MARC21/slim" xmlns:dcterms="http://purl.org/dc/terms/" xmlns:xsi="http://www.w3.org/2001/XMLSchema-instance" xmlns:doc="http://www.lyncode.com/xoai" xsi:schemaLocation="http://www.loc.gov/MARC21/slim http://www.loc.gov/standards/marcxml/schema/MARC21slim.xsd">
   <leader>00925njm 22002777a 4500</leader>
   <datafield ind2=" " ind1=" " tag="042">
      <subfield code="a">dc</subfield>
   </datafield>
   <datafield ind2=" " ind1=" " tag="720">
      <subfield code="a">Pineda Oliva, David</subfield>
      <subfield code="e">author</subfield>
   </datafield>
   <datafield ind2=" " ind1=" " tag="720">
      <subfield code="a">Vicente, Agustín</subfield>
      <subfield code="e">author</subfield>
   </datafield>
   <datafield ind2=" " ind1=" " tag="260">
      <subfield code="c">info:eu-repo/date/embargoEnd/2026-01-01</subfield>
   </datafield>
   <datafield ind2=" " ind1=" " tag="260">
      <subfield code="c">2017-01-01</subfield>
   </datafield>
   <datafield ind2=" " ind1=" " tag="520">
      <subfield code="a">Sydney Shoemaker has been arguing for more than a decade for an account of the mind-body problem in which the notion of realization takes centre stage. His aim is to provide a notion of realization that is consistent with the multiple realizability of mental properties or events, and which explains: (i) how the physical grounds the mental; and (ii) why the causal work of mental events is not screened off by that of physical events. Shoemaker's proposal consists of individuating properties in terms of causal powers, and defining realization as a relation of inclusion between sets of causal powers. Thus, as the causal powers that define a mental property are a subset of the causal powers that characterize a physical property, it can be said that physical properties realize mental properties. In this paper we examine the physicalist credentials of Shoemaker's mind-body theory in relation to three important issues: the direction of the relation of dependence that the theory is committed to; the possibility of mental properties existing without being anchored by physical properties; and the compatibility of the theory with the causal closure of the physical world. We argue that Shoemaker's theory is problematic in all three respects. After that we consider whether the theory should count as a mind-body theory at all, given that it seems to be committed to a distorted view of mental propertie</subfield>
   </datafield>
   <datafield ind2=" " ind1=" " tag="520">
      <subfield code="a">Research leading to this work has been partially funded by the Spanish Ministry of Economy and Competitiveness, research grants FFI2012-37354, FFI2014-52196-P and Consolider-Ingenio Project CSD2009-00056.</subfield>
   </datafield>
   <datafield ind1="8" ind2=" " tag="024">
      <subfield code="a">http://hdl.handle.net/10256/12365</subfield>
   </datafield>
   <datafield tag="653" ind2=" " ind1=" ">
      <subfield code="a">Filosofia de la ment</subfield>
   </datafield>
   <datafield tag="653" ind2=" " ind1=" ">
      <subfield code="a">Philosophy of mind</subfield>
   </datafield>
   <datafield tag="653" ind2=" " ind1=" ">
      <subfield code="a">Materialisme</subfield>
   </datafield>
   <datafield tag="653" ind2=" " ind1=" ">
      <subfield code="a">Materialism</subfield>
   </datafield>
   <datafield tag="653" ind2=" " ind1=" ">
      <subfield code="a">Realisme</subfield>
   </datafield>
   <datafield tag="653" ind2=" " ind1=" ">
      <subfield code="a">Realism</subfield>
   </datafield>
   <datafield ind2="0" ind1="0" tag="245">
      <subfield code="a">Shoemaker's Analysis of Realization: A Review</subfield>
   </datafield>
</record></metadata></record></GetRecord></OAI-PMH>